ARRUPE JESUIT UNIVERSITY

CORONAVIRUS -STOP THE SPREAD - CLEAN,DISINFECT,COVER

Experience and education, (Record no. 127298)

MARC details
000 -LEADER
fixed length control field 00617cam a2200205u 4500
001 - CONTROL NUMBER
control field 10010742
003 - CONTROL NUMBER IDENTIFIER
control field ARRUPE
005 - DATE AND TIME OF LATEST TRANSACTION
control field 20180103091412.0
008 - FIXED-LENGTH DATA ELEMENTS--GENERAL INFORMATION
fixed length control field 820714s1938 nyu 000 0 eng
010 ## - LIBRARY OF CONGRESS CONTROL NUMBER
LC control number unk82016763
040 ## - CATALOGING SOURCE
Original cataloging agency DLC
Transcribing agency CarP
Modifying agency DLC
050 00 - LIBRARY OF CONGRESS CALL NUMBER
Classification number LB-875-1
300 ## - PHYSICAL DESCRIPTION
Other physical details 116 p.
Dimensions 19 cm.
100 1# - MAIN ENTRY--PERSONAL NAME
Personal name Dewey, John,
Dates associated with a name 1859-1952.
9 (RLIN) 611
245 10 - TITLE STATEMENT
Title Experience and education,
260 ## - PUBLICATION, DISTRIBUTION, ETC. (IMPRINT)
Place of publication, distribution, etc New York,
Name of publisher, distributor, etc The Macmillan company,
Date of publication, distribution, etc 1938.
300 ## - PHYSICAL DESCRIPTION
Extent xii p., 2 l.,
650 #0 - SUBJECT ADDED ENTRY--TOPICAL TERM
Topical term or geographic name as entry element Experience.
9 (RLIN) 14106
650 #0 - SUBJECT ADDED ENTRY--TOPICAL TERM
Topical term or geographic name as entry element Education.
9 (RLIN) 18163
906 ## - LOCAL DATA ELEMENT F, LDF (RLIN)
a 0
b cbc
c premunv
d u
e ncip
f 19
g y-gencatlg
942 ## - ADDED ENTRY ELEMENTS (KOHA)
Source of classification or shelving scheme Library of Congress Classification
Koha item type Monograph ( Printed materials)
Holdings
Withdrawn status Lost status Source of classification or shelving scheme Damaged status Not for loan Collection code Home library Current library Shelving location Date acquired Total Checkouts Full call number Barcode Date last seen Price effective from Koha item type
    Library of Congress Classification     Main Collection ARRUPE COLLEGE BOOKSTORE ARRUPE COLLEGE BOOKSTORE Main Collection 03/01/2018   LB-875-1 46600000467 03/01/2018 03/01/2018 Monograph ( Printed materials)
    Library of Congress Classification     Main Collection ARRUPE COLLEGE BOOKSTORE ARRUPE COLLEGE BOOKSTORE Main Collection 09/01/2018   LB-875-2 46600000267 09/01/2018 09/01/2018 Monograph ( Printed materials)
    Library of Congress Classification     Main Collection ARRUPE COLLEGE BOOKSTORE ARRUPE COLLEGE BOOKSTORE Main Collection 27/03/2018   LB-875-3 46600001932 27/03/2018 27/03/2018 Monograph ( Printed materials)

 

Arrupe Library. PO Box MP320 Mt Pleasant, Harare, Zimbabwe
263 242 745411|librarian@aju.ac.zw